[Event "39th Olympiad Women"]
[Site "Khanty-Mansiysk RUS"]
[Date "2010.09.23"]
[Round "3"]
[White "Pokorna, Regina"]
[Black "Kosintseva, Nadezhda"]
[Result "0-1"]
[WhiteTitle "WGM"]
[BlackTitle "IM"]
[WhiteElo "2370"]
[BlackElo "2565"]
[Board "1.2"]
[WhiteTeam "SVK"]
[BlackTeam "RUS1"]
[WhiteFideId "14902052"]
[BlackFideId "4134974"]
[EventDate "2010.09.21"]
[EventType "team"]

1. e4 c5 2. Nf3 d6 3. d4 cxd4 4. Nxd4 Nf6 5. Nc3 g6 6. Bc4 Bg7 7. O-O O-O 8. Re1
Nc6 9. Nb3 b6 10. Bf1 Bb7 11. Bg5 h6 12. Bh4 Nd7 13. f4 Nc5 14. Kh1 Qd7 15. Qd2
Rac8 16. Bf2 Rcd8 17. Rad1 Qc8 18. Qc1 Kh7 19. Nd5 e6 20. Nc3 a6 21. Bh4 Rd7 22.
f5 g5 23. Bg3 Ne5 24. Nd4 Re7 25. Qe3 d5 26. exd5 exf5 27. Qd2 f4 28. Bf2 f5 29.
Nb3 Rd8 30. Nxc5 bxc5 31. Bd3 f3 32. g3 c4 33. Bf1 Red7 34. Bd4 Bxd5 35. Rxe5
Bxe5 36. Bxe5 Bc6 37. Qc1 Rxd1 38. Nxd1 f2+ 0-1

[Event "39th Olympiad Women"]
[Site "Khanty-Mansiysk RUS"]
[Date "2010.09.23"]
[Round "3"]
[White "Mrvova, Alena"]
[Black "Gunina, Valentina"]
[Result "1/2-1/2"]
[WhiteTitle "WIM"]
[BlackTitle "WGM"]
[WhiteElo "2253"]
[BlackElo "2465"]
[Board "1.4"]
[WhiteTeam "SVK"]
[BlackTeam "RUS1"]
[WhiteFideId "14902036"]
[BlackFideId "4167570"]
[EventDate "2010.09.21"]
[EventType "team"]

1. e4 c6 2. d4 d5 3. e5 Bf5 4. Nf3 e6 5. Be2 Nd7 6. O-O Ne7 7. Nbd2 Nc8 8. Nb3
Be7 9. a4 O-O 10. Bd3 Bg4 11. h3 Bh5 12. g4 Bg6 13. Bxg6 hxg6 14. Qe2 Ncb6 15.
Kg2 Rc8 16. Rh1 Qc7 17. h4 c5 18. Bg5 Bxg5 19. hxg5 Rfd8 20. c3 Kf8 21. dxc5
Nxc5 22. Nxc5 Qxc5 23. Nd4 Ke7 24. Nb5 Qc4 25. Qf3 Qe4 26. Qxe4 dxe4 27. Nd6 Rc7
28. Rhe1 Nc4 29. Nb5 Rc5 30. Rxe4 Nxb2 31. Nd6 Rb8 32. Rd4 Rxe5 33. Ra2 Rd5 34.
Nb5 Rxd4 35. cxd4 Nc4 36. Nxa7 Ra8 37. Nb5 Ra5 38. f4 Ne3+ 39. Kf3 Nd5 40. Ra3 1/2-1/2

[Event "39th Olympiad Women"]
[Site "Khanty-Mansiysk RUS"]
[Date "2010.09.23"]
[Round "3"]
[White "Paehtz, Elisabeth"]
[Black "Pogonina, Natalija"]
[Result "1/2-1/2"]
[WhiteTitle "IM"]
[BlackTitle "WGM"]
[WhiteElo "2467"]
[BlackElo "2491"]
[Board "2.1"]
[WhiteTeam "GER"]
[BlackTeam "RUS2"]
[WhiteFideId "4641833"]
[BlackFideId "4147855"]
[EventDate "2010.09.21"]
[EventType "team"]

1. e4 e5 2. Nf3 Nc6 3. Bc4 Bc5 4. c3 Nf6 5. d3 a6 6. O-O Ba7 7. Bb3 O-O 8. Re1
h6 9. Be3 d6 10. Nbd2 Re8 11. h3 Be6 12. d4 Bxb3 13. Qxb3 Rb8 14. dxe5 Bxe3 15.
Rxe3 dxe5 16. Rd1 1/2-1/2

[Event "39th Olympiad Women"]
[Site "Khanty-Mansiysk RUS"]
[Date "2010.09.23"]
[Round "3"]
[White "Kashlinskaya, Alina"]
[Black "Ohme, Melanie"]
[Result "1/2-1/2"]
[WhiteTitle "WGM"]
[BlackTitle "WIM"]
[WhiteElo "2358"]
[BlackElo "2311"]
[Board "2.4"]
[WhiteTeam "RUS2"]
[BlackTeam "GER"]
[WhiteFideId "4198026"]
[BlackFideId "4690745"]
[EventDate "2010.09.21"]
[EventType "team"]

1. d4 Nf6 2. c4 c5 3. d5 b5 4. cxb5 a6 5. e3 d6 6. Nc3 g6 7. a4 Bg7 8. Nf3 O-O
9. Be2 axb5 10. Bxb5 Ba6 11. Bxa6 Nxa6 12. O-O Nb4 13. e4 Qb6 14. Qe2 Rfb8 15.
Rd1 Qa6 16. Qxa6 Rxa6 17. Rb1 Nd7 18. Bf4 Rba8 19. Bd2 c4 20. Be3 Nc5 21. Bxc5
dxc5 22. e5 Nd3 23. Nb5 Rxa4 24. b3 Rb4 25. Nc7 Rd8 26. bxc4 Rxb1 27. Rxb1 Nxe5
28. Nxe5 Bxe5 29. Nb5 Ra8 30. Kf1 Ra2 31. Re1 Bf6 32. Re2 Ra1+ 33. Re1 Ra2 34.
Re2 Ra1+ 35. Re1 Ra2 1/2-1/2

[Event "39th Olympiad Women"]
[Site "Khanty-Mansiysk RUS"]
[Date "2010.09.23"]
[Round "3"]
[White "Kulovana, Eva"]
[Black "Bojkovic, Natasa"]
[Result "1/2-1/2"]
[WhiteTitle "WGM"]
[BlackTitle "IM"]
[WhiteElo "2359"]
[BlackElo "2368"]
[Board "3.1"]
[WhiteTeam "CZE"]
[BlackTeam "SRB"]
[WhiteFideId "318779"]
[BlackFideId "908550"]
[EventDate "2010.09.21"]
[EventType "team"]

1. e4 c5 2. Nf3 e6 3. d4 cxd4 4. Nxd4 a6 5. Bd3 d6 6. c4 g6 7. Nc3 Bg7 8. Be3
Nf6 9. O-O O-O 10. h3 Nbd7 11. Rc1 Re8 12. Bb1 Qc7 13. Qd2 Ne5 14. b3 b6 15.
Rfd1 Bf8 16. f4 Ned7 17. Qf2 Bb7 18. Nf3 Rac8 19. Kh1 Bg7 20. Qd2 Bf8 21. Qf2
Bg7 22. Rf1 Nh5 23. Rfd1 1/2-1/2

[Event "39th Olympiad Women"]
[Site "Khanty-Mansiysk RUS"]
[Date "2010.09.23"]
[Round "3"]
[White "Chelushkina, Irina"]
[Black "Nemcova, Katerina"]
[Result "1-0"]
[WhiteTitle "WGM"]
[BlackTitle "WGM"]
[WhiteElo "2325"]
[BlackElo "2283"]
[Board "3.2"]
[WhiteTeam "SRB"]
[BlackTeam "CZE"]
[WhiteFideId "928615"]
[BlackFideId "322750"]
[EventDate "2010.09.21"]
[EventType "team"]

1. g3 g6 2. Bg2 Nf6 3. c4 Bg7 4. Nc3 O-O 5. e4 d6 6. Nge2 c5 7. d3 Nc6 8. h3 a6
9. O-O Rb8 10. a4 Ne8 11. g4 Nc7 12. Ng3 b5 13. axb5 axb5 14. cxb5 Nxb5 15. Nd5
Nbd4 16. Ra3 Nb4 17. Ne3 e5 18. Nc4 Ne6 19. Ne2 d5 20. exd5 Nxd5 21. Na5 Rb6 22.
Nc4 Rb7 23. Ra8 Rd7 24. Qa4 Qe7 25. Bd2 f5 26. Qa2 Bb7 27. Rxf8+ Kxf8 28. Re1 f4
29. Qb3 Nb4 30. d4 Nxd4 31. Nxd4 Bxg2 32. Bxb4 Rxd4 33. Bc3 Bb7 34. Bxd4 cxd4
35. Na5 Ba6 36. Qb6 Bc8 37. Rc1 Bd7 38. Nb7 d3 39. Ra1 Bh6 40. Nc5 d2 41. Nxd7+
Qxd7 42. Qf6+ 1-0

[Event "39th Olympiad Women"]
[Site "Khanty-Mansiysk RUS"]
[Date "2010.09.23"]
[Round "3"]
[White "Eric, Jovana"]
[Black "Olsarova, Tereza"]
[Result "1/2-1/2"]
[WhiteTitle "WIM"]
[BlackTitle "WFM"]
[WhiteElo "2218"]
[BlackElo "2215"]
[Board "3.4"]
[WhiteTeam "SRB"]
[BlackTeam "CZE"]
[WhiteFideId "938238"]
[BlackFideId "325449"]
[EventDate "2010.09.21"]
[EventType "team"]

1. e4 e5 2. Nf3 Nc6 3. Bc4 Nf6 4. d3 Be7 5. c3 O-O 6. O-O d5 7. exd5 Nxd5 8. h3
Bf5 9. Re1 Bf6 10. a4 a5 11. Na3 Nb6 12. Bb5 Qd6 13. Be3 Rad8 14. Bxb6 cxb6 15.
Nc4 Qxd3 16. Qxd3 Bxd3 17. Nxb6 e4 18. Nh2 Ne5 19. Ng4 Nxg4 20. hxg4 Rd6 21. Nc4
Bxc4 22. Bxc4 Rd2 23. Rab1 Re8 24. Bb5 Re6 25. Kf1 g6 26. Bc4 Rb6 27. Bb5 Re6
28. Bc4 Rb6 29. Bb5 Re6 30. Bc4 1/2-1/2

[Event "39th Olympiad Women"]
[Site "Khanty-Mansiysk RUS"]
[Date "2010.09.23"]
[Round "3"]
[White "Rogule, Laura"]
[Black "Ju, Wenjun"]
[Result "0-1"]
[WhiteTitle "WGM"]
[BlackTitle "WGM"]
[WhiteElo "2354"]
[BlackElo "2516"]
[Board "4.2"]
[WhiteTeam "LAT"]
[BlackTeam "CHN"]
[WhiteFideId "11601876"]
[BlackFideId "8603006"]
[EventDate "2010.09.21"]
[EventType "team"]

1. c4 e5 2. Nc3 Bb4 3. g3 Bxc3 4. dxc3 d6 5. Bg2 Ne7 6. Nf3 Nbc6 7. e4 O-O 8.
O-O Be6 9. b3 h6 10. h3 Qd7 11. Kh2 Rae8 12. Qe2 f5 13. exf5 Bxf5 14. Be3 Ng6
15. Bd2 Kh8 16. Rae1 Nd8 17. Ng1 c6 18. Rd1 Ne6 19. Qe3 Ng5 20. Qxa7 Ra8 21. Qb6
Rxa2 22. Bxg5 hxg5 23. Qe3 g4 24. Qg5 Rf6 25. Ra1 Rb2 26. hxg4 Bxg4 27. Be4
Rbxf2+ 28. Rxf2 Rxf2+ 29. Kh1 Nf8 30. Qh4+ Kg8 31. Ra8 Bf5 32. Bg2 Bg6 33. Nf3
Qf5 34. g4 Qb1+ 35. Kh2 Qb2 36. Rxf8+ Kxf8 37. Qd8+ Be8 38. Qxd6+ Kg8 39. Qe6+
Bf7 40. Qc8+ Kh7 41. Nh4 Qd2 42. Qxb7 g5 43. Nf3 Rxf3 0-1

[Event "39th Olympiad Women"]
[Site "Khanty-Mansiysk RUS"]
[Date "2010.09.23"]
[Round "3"]
[White "Huang, Qian"]
[Black "Berzina, Ilze"]
[Result "0-1"]
[WhiteTitle "WGM"]
[BlackTitle "WGM"]
[WhiteElo "2436"]
[BlackElo "2283"]
[Board "4.3"]
[WhiteTeam "CHN"]
[BlackTeam "LAT"]
[WhiteFideId "8602689"]
[BlackFideId "11601345"]
[EventDate "2010.09.21"]
[EventType "team"]

1. d4 Nf6 2. Nf3 e6 3. Bf4 b6 4. e3 Bb7 5. Nbd2 Be7 6. Bd3 Nh5 7. Bg3 d6 8. c3
Nd7 9. Qc2 h6 10. Rd1 O-O 11. O-O Nxg3 12. hxg3 c5 13. e4 Rc8 14. Qb1 Qc7 15.
Rfe1 cxd4 16. cxd4 Nf6 17. a3 Rfd8 18. Nf1 Qb8 19. Ne3 Bf8 20. d5 exd5 21. exd5
Rc5 22. b4 Rc3 23. Qb2 Rc7 24. Qd4 Qa8 25. Bb1 Re8 26. Rf1 Kh8 27. g4 Kg8 28. g5
hxg5 29. Nxg5 Qd8 30. Qh4 g6 31. Nf3 Bg7 32. Nd4 a6 33. b5 axb5 34. Bd3 Nxd5 35.
Qxd8 Rxd8 36. Nxd5 Bxd5 37. Nxb5 Rc5 38. Rfe1 Be5 39. Bf1 Kg7 40. Re3 Rh8 41.
Rh3 Rxh3 42. gxh3 Bf3 43. Rd3 Be4 44. Rb3 Rc1 45. a4 Bd5 46. Rb4 Bf3 47. Na3 Be2
48. Rb1 Rxb1 49. Nxb1 Bd1 50. Bb5 Kf6 51. Nd2 d5 52. Kg2 Bc3 53. Nf3 d4 54. Kg3
Bc2 55. Nh2 d3 56. Ng4+ Kg7 57. Ne3 d2 58. Be2 Bxa4 59. Nd1 Bd4 60. f4 b5 61.
Kf3 Bc2 0-1

[Event "39th Olympiad Women"]
[Site "Khanty-Mansiysk RUS"]
[Date "2010.09.23"]
[Round "3"]
[White "Skinke, Katrina"]
[Black "Wang, Yu A."]
[Result "0-1"]
[WhiteTitle "WIM"]
[BlackTitle "IM"]
[WhiteElo "2217"]
[BlackElo "2394"]
[Board "4.4"]
[WhiteTeam "LAT"]
[BlackTeam "CHN"]
[WhiteFideId "11602260"]
[BlackFideId "8601097"]
[EventDate "2010.09.21"]
[EventType "team"]

1. e4 e5 2. Nf3 Nc6 3. Bc4 Nf6 4. d3 Be7 5. O-O O-O 6. Re1 d6 7. a4 Na5 8. Ba2
c5 9. c3 Nc6 10. Na3 Be6 11. Bxe6 fxe6 12. Nc2 Qd7 13. b4 cxb4 14. cxb4 a6 15.
Bb2 Rae8 16. Bc3 Bd8 17. b5 axb5 18. axb5 Ne7 19. Na3 Bb6 20. d4 exd4 21. Bxd4
Bxd4 22. Nxd4 Ng6 23. Rc1 e5 24. Nb3 Nf4 25. b6 Qf7 26. f3 Qg6 27. Rc2 d5 28.
exd5 N6xd5 29. Nc4 e4 30. fxe4 Nc3 31. Qd6 Re6 32. Qd4 Rxe4 33. Qxc3 Rxe1+ 34.
Qxe1 Qxc2 35. Nbd2 Qg6 36. g3 Nh3+ 37. Kg2 Rf2+ 38. Kh1 Rf8 39. Kg2 Nf4+ 40. Kg1
Re8 0-1

[Event "39th Olympiad Women"]
[Site "Khanty-Mansiysk RUS"]
[Date "2010.09.23"]
[Round "3"]
[White "Mamedjarova, Turkan"]
[Black "Zhukova, Natalia"]
[Result "1/2-1/2"]
[WhiteTitle "WGM"]
[BlackTitle "GM"]
[WhiteElo "2301"]
[BlackElo "2499"]
[Board "5.2"]
[WhiteTeam "AZE"]
[BlackTeam "UKR"]
[WhiteFideId "13402005"]
[BlackFideId "14101513"]
[EventDate "2010.09.21"]
[EventType "team"]

1. d4 d5 2. c4 e6 3. Nf3 Nf6 4. Nc3 Nbd7 5. e3 c6 6. Bd3 dxc4 7. Bxc4 b5 8. Bd3
a6 9. O-O c5 10. dxc5 Nxc5 11. Bc2 Bb7 12. a3 Qc7 13. Qe2 Nce4 14. Nxe4 Nxe4 15.
Bxe4 Bxe4 16. Ng5 Bb7 17. Bd2 Be7 18. Rac1 Qe5 19. f4 Qb8 20. Bc3 Bxg5 21. Be5
Qd8 22. Rfd1 Bd5 23. e4 Bf6 24. exd5 Bxe5 25. Qxe5 O-O 26. d6 Ra7 27. Rc6 Qd7
28. Rdc1 f6 29. Qc5 h6 30. h3 Kh7 31. Qb6 Rd8 32. R1c3 Raa8 33. Rc7 Qxd6 34. Qb7
Rg8 35. Rg3 Qd4+ 36. Kh2 f5 37. b4 Rad8 38. Re7 Rd6 39. Qc7 h5 40. Rexg7+ Rxg7
41. Rxg7+ Qxg7 42. Qxd6 h4 43. Qd3 Qc7 44. Qf3 Kg6 45. Qe3 Qd6 46. Qf2 Qd8 47.
Qe1 Kf7 48. Qe2 Qh8 49. Qf2 Qh6 50. Kh1 Ke8 51. Qe3 Qf6 52. Qf3 Qa1+ 53. Kh2 Qe1
54. Qa8+ 1/2-1/2

[Event "39th Olympiad Women"]
[Site "Khanty-Mansiysk RUS"]
[Date "2010.09.23"]
[Round "3"]
[White "Gaponenko, Inna"]
[Black "Mammadova, Gulnar Marfat qizi"]
[Result "1-0"]
[WhiteTitle "IM"]
[BlackTitle "WFM"]
[WhiteElo "2469"]
[BlackElo "2293"]
[Board "5.3"]
[WhiteTeam "UKR"]
[BlackTeam "AZE"]
[WhiteFideId "14101181"]
[BlackFideId "13403508"]
[EventDate "2010.09.21"]
[EventType "team"]

1. e4 c5 2. Nf3 Nc6 3. d4 cxd4 4. Nxd4 Nf6 5. Nc3 e5 6. Ndb5 d6 7. Nd5 Nxd5 8.
exd5 Nb8 9. c4 a6 10. Nc3 Be7 11. Bd3 O-O 12. O-O f5 13. f4 Bf6 14. Kh1 g6 15.
Be3 Nd7 16. Rc1 exf4 17. Bxf4 Ne5 18. b4 b6 19. c5 bxc5 20. bxc5 dxc5 21. Na4
Nxd3 22. Qxd3 Bd7 23. d6 Bxa4 24. Qc4+ Rf7 25. Qxa4 g5 26. Be3 Qxd6 27. Rxf5 Qe6
28. Rf3 g4 29. Rg3 h5 30. Bg1 Rc8 31. Re3 Qc6 32. Qc4 Kg7 33. Re6 Qb5 34. Qe4
Rcc7 35. a4 Qb7 36. Qf5 Rc6 37. Rxc5 Rxe6 38. Qxe6 Re7 39. Qc4 Qe4 40. Qxa6 Qb1
41. Rxh5 Qg6 42. Rd5 Re1 43. Qa7+ Kh6 44. Qf2 Ra1 45. a5 g3 46. hxg3 Kh7 47. g4
Kg8 48. Qb6 Rb1 49. Qe6+ Kg7 50. Rd7+ Kh8 51. Rd8+ Kh7 52. Rd7+ Kh8 53. Qe3 Bg7
54. Rd8+ Kh7 55. Qh3+ Bh6 56. g5 Qxg5 57. Qd3+ Qg6 58. Rh8+ 1-0

[Event "39th Olympiad Women"]
[Site "Khanty-Mansiysk RUS"]
[Date "2010.09.23"]
[Round "3"]
[White "Umudova, Nargiz"]
[Black "Muzychuk, Mariya"]
[Result "0-1"]
[WhiteTitle "WIM"]
[BlackTitle "IM"]
[WhiteElo "2251"]
[BlackElo "2464"]
[Board "5.4"]
[WhiteTeam "AZE"]
[BlackTeam "UKR"]
[WhiteFideId "13402137"]
[BlackFideId "14114550"]
[EventDate "2010.09.21"]
[EventType "team"]

1. e4 c5 2. Nf3 e6 3. d4 cxd4 4. Nxd4 a6 5. Bd3 Bc5 6. Nb3 Ba7 7. Nc3 Nc6 8. Qe2
d6 9. Be3 Nf6 10. f4 b5 11. a4 b4 12. Nd1 O-O 13. O-O Qe7 14. Kh1 a5 15. Bxa7
Rxa7 16. Ne3 Bb7 17. Rae1 Qc7 18. Qf2 Ba6 19. Qe2 Bxd3 20. cxd3 Qd7 21. Nc4 Rd8
22. Rc1 e5 23. Qe3 Ng4 24. Qg3 exf4 25. Rxf4 Nge5 26. Nb6 Qe8 27. Nd5 Kh8 28.
Rf2 Ne7 29. Nc7 Qxa4 30. d4 N5g6 31. h4 Qd7 32. Nd5 Nxd5 33. exd5 a4 34. Nd2 a3
35. bxa3 bxa3 36. h5 Nf8 37. Ra1 a2 38. h6 Ng6 39. hxg7+ Kxg7 40. Qb3 Qa4 41.
Qb6 Rdd7 42. Nf3 Qc4 43. Qc6 Qb3 44. Raxa2 Rxa2 45. Rxa2 Qxa2 46. Qxd7 Qxd5 47.
Kh2 h5 48. Kg3 Kh6 49. Kf2 Kg7 50. Kg3 Nf8 51. Qc7 Ne6 52. Qc3 Kf6 53. Qe3 Qf5
54. Qh6+ Qg6+ 55. Qxg6+ fxg6 56. Kf2 g5 57. Ke3 Kf5 58. Nh2 h4 59. Nf1 Kg4 60.
Ke4 Nf4 61. Nh2+ Kg3 62. Nf3 Ne6 63. d5 Nc5+ 64. Kf5 Kxg2 65. Nxg5 h3 66. Ne6 h2 0-1

[Event "39th Olympiad Women"]
[Site "Khanty-Mansiysk RUS"]
[Date "2010.09.23"]
[Round "3"]
[White "Dzagnidze, Nana"]
[Black "Dauletova, Gulmira"]
[Result "1-0"]
[WhiteTitle "GM"]
[BlackTitle "WIM"]
[WhiteElo "2534"]
[BlackElo "2235"]
[Board "6.1"]
[WhiteTeam "GEO"]
[BlackTeam "KAZ"]
[WhiteFideId "13601903"]
[BlackFideId "13702971"]
[EventDate "2010.09.21"]
[EventType "team"]

1. d4 Nf6 2. c4 g6 3. Nc3 Bg7 4. e4 d6 5. Be2 O-O 6. Bg5 a6 7. Nf3 c5 8. dxc5
Qa5 9. O-O Qxc5 10. Nd5 Nxd5 11. cxd5 Re8 12. Qa4 b5 13. Qb3 Bb7 14. a4 e6 15.
Rfc1 Qb6 16. a5 Bxd5 17. exd5 Qb7 18. dxe6 fxe6 19. Be3 Nc6 20. Bb6 Rac8 21. Rc2
d5 22. Rac1 Bh6 23. Re1 Kh8 24. Bf1 Bg7 25. g3 Qf7 26. Bh3 Nxa5 27. Bxa5 Rxc2
28. Qxc2 Qxf3 29. Rxe6 Rf8 30. Bg2 Qg4 31. Bxd5 b4 32. Bb6 Qg5 33. Bg2 a5 34.
Rc6 a4 35. Qxa4 Qd2 36. Qc2 Qe1+ 37. Bf1 1-0

[Event "39th Olympiad Women"]
[Site "Khanty-Mansiysk RUS"]
[Date "2010.09.23"]
[Round "3"]
[White "Davletbayeva, Madina"]
[Black "Javakhishvili, Lela"]
[Result "1/2-1/2"]
[WhiteTitle "WFM"]
[BlackTitle "IM"]
[WhiteElo "2163"]
[BlackElo "2451"]
[Board "6.2"]
[WhiteTeam "KAZ"]
[BlackTeam "GEO"]
[WhiteFideId "13703595"]
[BlackFideId "13601458"]
[EventDate "2010.09.21"]
[EventType "team"]

1. e4 c5 2. c3 g6 3. d4 Qc7 4. dxc5 Qxc5 5. Be3 Qc7 6. Na3 Nc6 7. Bd3 Bg7 8. Qd2
d6 9. Nf3 Bd7 10. h3 Rd8 11. O-O Nf6 12. Bh6 O-O 13. Bxg7 Kxg7 14. Qe3 a6 15.
Nc2 e5 16. c4 Na5 17. b3 b5 18. cxb5 axb5 19. Rac1 Qb7 20. Rfd1 b4 21. Qe1 Rb8
22. Ne3 Rfe8 23. Bb1 Nxe4 24. Bxe4 Qxe4 25. Rxd6 Qb7 1/2-1/2

[Event "39th Olympiad Women"]
[Site "Khanty-Mansiysk RUS"]
[Date "2010.09.23"]
[Round "3"]
[White "Melia, Salome"]
[Black "Saduakassova, Dinara"]
[Result "1-0"]
[WhiteTitle "IM"]
[BlackTitle "WFM"]
[WhiteElo "2439"]
[BlackElo "2142"]
[Board "6.3"]
[WhiteTeam "GEO"]
[BlackTeam "KAZ"]
[WhiteFideId "13602446"]
[BlackFideId "13700090"]
[EventDate "2010.09.21"]
[EventType "team"]

1. e4 c5 2. Nf3 d6 3. d4 cxd4 4. Nxd4 Nf6 5. Nc3 a6 6. Bg5 Nbd7 7. Qe2 Qa5 8.
Bd2 Qb6 9. Nb3 e6 10. O-O-O Be7 11. g4 Nc5 12. Nxc5 Qxc5 13. g5 Nd7 14. h4 b5
15. Be3 Qc6 16. Bd4 e5 17. Be3 Nc5 18. Nd5 Be6 19. Bg2 Bxd5 20. exd5 Qc7 21. f4
Nd7 22. Kb1 O-O-O 23. Rd3 Kb8 24. Rc3 Qb7 25. Rc6 exf4 26. Bxf4 Rhe8 27. Qf2 Rc8
28. Rh3 Qa7 29. Be3 Qb7 30. Bd4 Bf8 31. Ra3 Nc5 32. b4 Na4 33. Rxa4 bxa4 34. Rb6
Rc7 35. Rxb7+ Rxb7 36. a3 a5 37. Bf1 axb4 38. Ba6 Rbe7 39. Ba7+ Ka8 40. Bb5 Re1+
41. Kb2 bxa3+ 42. Ka2 1-0

[Event "39th Olympiad Women"]
[Site "Khanty-Mansiysk RUS"]
[Date "2010.09.23"]
[Round "3"]
[White "Ankudinova, Yelena"]
[Black "Khotenashvili, Bela"]
[Result "1/2-1/2"]
[WhiteTitle "WFM"]
[BlackTitle "IM"]
[WhiteElo "2124"]
[BlackElo "2464"]
[Board "6.4"]
[WhiteTeam "KAZ"]
[BlackTeam "GEO"]
[WhiteFideId "13702114"]
[BlackFideId "13602640"]
[EventDate "2010.09.21"]
[EventType "team"]

1. d4 Nf6 2. c4 g6 3. Nc3 d5 4. Nf3 Bg7 5. Qb3 c6 6. cxd5 Nxd5 7. Nxd5 cxd5 8.
Bf4 Nc6 9. e3 O-O 10. Bd3 Bg4 11. O-O Bxf3 12. gxf3 Qd7 13. Rac1 h5 14. Rc5 e6
15. Rfc1 Rfc8 16. Bb5 Bf8 17. R5c3 Be7 18. h3 h4 19. Kg2 Bd6 20. Bxd6 Qxd6 21.
Bxc6 bxc6 22. Qa4 Qe7 23. Rxc6 Rxc6 24. Rxc6 Qg5+ 25. Kh2 Qf5 26. Kg2 Qg5+ 27.
Kh2 Qf5 28. Qd1 e5 29. dxe5 Qxe5+ 30. f4 Qxb2 31. Rc2 Qb5 32. f5 Qb8+ 33. f4 Qd6
34. Qg4 Re8 35. fxg6 Qxg6 36. Qd1 Rxe3 37. Rc8+ Kh7 38. Qg4 Qxg4 39. hxg4 d4 40.
Rc7 Kg7 41. Rxa7 Kf6 42. Rd7 Re4 43. a4 Rxf4 44. a5 Ke6 45. Rd8 Ke5 46. Re8+ Kd6
47. a6 Rf2+ 48. Kh3 Ra2 49. Rd8+ Kc5 50. Rf8 Rxa6 51. Rxf7 d3 52. Kxh4 Re6 53.
Rf1 d2 54. Rd1 Re2 55. Kg5 Kd4 56. Kg6 Ke3 57. g5 Re1 58. Rxd2 Kxd2 59. Kf7 Rf1+
60. Ke7 Rg1 61. Kf6 Ke3 62. g6 Rf1+ 63. Ke5 1/2-1/2

[Event "39th Olympiad Women"]
[Site "Khanty-Mansiysk RUS"]
[Date "2010.09.23"]
[Round "3"]
[White "Partac, Elena"]
[Black "Karavade, Eesha"]
[Result "0-1"]
[WhiteTitle "WGM"]
[BlackTitle "IM"]
[WhiteElo "2087"]
[BlackElo "2365"]
[Board "7.2"]
[WhiteTeam "MDA"]
[BlackTeam "IND"]
[WhiteFideId "13901001"]
[BlackFideId "5012600"]
[EventDate "2010.09.21"]
[EventType "team"]

1. e4 e5 2. Nf3 Nc6 3. Bb5 f5 4. d4 fxe4 5. Nxe5 Nxe5 6. dxe5 c6 7. Be2 Qa5+ 8.
Bd2 Qxe5 9. Bh5+ Kd8 10. Bc3 Qg5 11. O-O Nf6 12. Be2 d5 13. Nd2 Bh3 14. g3 Bxf1
15. Nxf1 Bd6 16. Ne3 Re8 17. Nc4 Bc7 18. Bb4 Re6 19. Ne3 Bb6 20. Nc4 Kc7 21.
Nxb6 axb6 22. Bd2 e3 23. Bxe3 Rxe3 24. fxe3 Re8 25. Qd4 Re4 26. Qd2 Rxe3 27. Bf3
Ne4 28. Qg2 Qf6 29. Bxe4 Qxb2 30. Rf1 Rxe4 31. Qf2 Qe5 32. Qf7+ Qe7 33. Qg8 Re1
34. Rxe1 Qxe1+ 35. Kg2 Qe4+ 36. Kg1 Qg6 37. Qf8 Qf6 38. Qb4 c5 39. Qb3 Qd4+ 40.
Kg2 Kc6 41. Kh3 b5 42. Qf3 Qf6 43. Qe2 Qf5+ 44. g4 Qe4 45. Qf2 Qe7 46. Qf5 g6
47. Qc8+ Kb6 48. Kg2 d4 49. Kf1 c4 50. a4 bxa4 51. Qxc4 Qc5 52. Qe6+ Qc6 53. Qe7
Qf3+ 0-1

[Event "39th Olympiad Women"]
[Site "Khanty-Mansiysk RUS"]
[Date "2010.09.23"]
[Round "3"]
[White "Meenakshi, Subbaraman"]
[Black "Smokina, Karolina"]
[Result "1-0"]
[WhiteTitle "WGM"]
[BlackTitle "WGM"]
[WhiteElo "2336"]
[BlackElo "2170"]
[Board "7.3"]
[WhiteTeam "IND"]
[BlackTeam "MDA"]
[WhiteFideId "5004381"]
[BlackFideId "13900382"]
[EventDate "2010.09.21"]
[EventType "team"]

1. d4 d5 2. c4 c6 3. Nf3 Nf6 4. e3 a6 5. Bd3 Bg4 6. Nbd2 e6 7. O-O dxc4 8. Nxc4
Nbd7 9. h3 Bh5 10. Qe2 c5 11. Rd1 cxd4 12. exd4 Nd5 13. Be4 N7f6 14. Bg5 Be7 15.
Bxf6 gxf6 16. Bxd5 exd5 17. Ne3 Qd7 18. Rac1 O-O 19. g4 Bg6 20. Nh4 Rfe8 21.
Nhf5 Bf8 22. Qf3 Rad8 23. Rc3 Re6 24. Rdc1 Rc6 25. Rxc6 bxc6 26. Qe2 Qb7 27. Qc2
c5 28. Qc3 c4 29. Qc2 Rb8 30. Rb1 h5 31. Kg2 hxg4 32. hxg4 Qd7 33. b3 Qb7 34.
Qe2 a5 35. Qf3 a4 36. Rh1 Bxf5 37. Qxf5 Bg7 38. Qh7+ Kf8 39. Nf5 1-0

[Event "39th Olympiad Women"]
[Site "Khanty-Mansiysk RUS"]
[Date "2010.09.23"]
[Round "3"]
[White "Baciu, Diana"]
[Black "Mohota, Nisha"]
[Result "1/2-1/2"]
[WhiteTitle "WFM"]
[BlackTitle "WGM"]
[WhiteElo "2153"]
[BlackElo "2332"]
[Board "7.4"]
[WhiteTeam "MDA"]
[BlackTeam "IND"]
[WhiteFideId "13903284"]
[BlackFideId "5004330"]
[EventDate "2010.09.21"]
[EventType "team"]

1. e4 e5 2. Nf3 Nc6 3. Bc4 Nf6 4. d3 Be7 5. O-O O-O 6. Re1 d6 7. a4 a5 8. h3 Be6
9. Nbd2 Nd7 10. c3 Bf6 11. Nf1 Nc5 12. Bxe6 Nxe6 13. Ne3 g6 14. Nd5 Bg7 15. Be3
Kh8 16. Qd2 f5 17. Ng5 Nxg5 18. Bxg5 Qd7 19. f4 h6 20. Bh4 exf4 21. Nxf4 Kh7 22.
Bf2 Rf7 23. exf5 Qxf5 24. Be3 Raf8 25. d4 Ne7 26. d5 Re8 27. Rf1 Qe4 28. Rae1
Qxa4 29. Ne6 Rxf1+ 30. Rxf1 Nf5 31. g4 Nxe3 32. Qxe3 Qd7 33. Qa7 b6 34. Qxc7
Qxc7 35. Nxc7 Re2 36. Ne6 Kg8 37. Rf2 Rxf2 38. Kxf2 Bf8 1/2-1/2